Statistics for Smiling Friends Characters

Click here to take the quiz!

General Stats

  • This quiz has been taken 113 times
  • The average score is 18 of 24

Answer Stats

HintAnswer% Correct
One of the two main leads, a very optimistic and cheerful pink critterPim
100%
The other main lead, a yellow critter who's lazy, cynical, and quite frankly the only normal oneCharlie
99%
One of the employees at Smiling Friends, a red critter who's strangely obsessed with cheeseAlan
94%
The second episode's client, a celebrity who ruined his own careerMr. Frog
93%
The head of the Smiling Friends company, a big-headed, insane humanMr. Boss
90%
The first episode's client, a depressed and suicidal individual who later starts his own extermination businessDesmond
89%
Another Smiling Friends employee, a small green critter who only speaks in gibberishGlep
89%
The third episode's client, a cowardly little guy obsessed with an online game who's girlfriend dumped himShrimp
89%
A restaurant owner who was killedSimon S. Salty
85%
The sixth episode's client, a royal individual of the Enchanted Forest who couldn't smile for her portrait because of the above characterThe Princess
84%
An elf of the Enchanted Forest who helps #1 and #2 on their journey, later turns out to be a deranged stalkerMip
83%
A red restaurant mascotKetchup
81%
A yellow restaurant mascotMustard
80%
Small white and gray restaurant mascotsSalt and Pepper
79%
Thinks he's a mascot, is actually just a puddle on the floorGrease
73%
Evil versions of #1 and #2Grim and Gnarly
70%
A woman in the third episode who was thought to be #8's girlfriend who dumped him, but is actually just a regular individual who's previous boyfriend died in a motorcycle accident. She does end up with #8 at the end, howeverJennifer
64%
An evil individual who #2 tries to help smile after he diesSatan
63%
A blue critter who came onto the show via a text vote, is later shown to be deadSmormu
60%
A three-dimensional character who often cries and likes balloons3D Squelton
58%
A demonic creature who is accused of doing blackface, is later torn apartForest Demon
53%
Two crazy restaurant mascotsThe Fun Twins
45%
A man who lives in the walls of Smiling FriendsWall Guy
31%
A bulky restaurant mascot who has a drug problem, causing him to defecate in his costumeCrazy Cup
29%

Score Distribution

Percentile by Number Answered

Percent of People with Each Score

Your Score History

You have not taken this quiz